Orar es amar : contemplación para todos /
Manual de oración y contemplación que destaca de modo especial que la oración auténtica ha de ser universal y manifestación de ese amor a todos, sin distinción. La plegaria es una manera de practicar la caridad cristiana y una ocasión de contribuir a mejorar el mundo y sus perspectivas de futuro.
I tiakina i:
| Kaituhi matua: | |
|---|---|
| Hōputu: | Pukapuka |
| Reo: | Pāniora |
| I whakaputaina: |
México :
Centro de Estudios de los Valores Humanos : Progreso,
1987, c1987
|
| Putanga: | 2a edición |
| Ngā marau: | |
| Ngā Tūtohu: |
Kāore He Tūtohu, Me noho koe te mea tuatahi ki te tūtohu i tēnei pūkete!
|
MARC
| LEADER | 00000nam^a2200000^a^4500 | ||
|---|---|---|---|
| 001 | 000379354 | ||
| 005 | 20250521000000.0 | ||
| 009 | 20260310120525.23 | ||
| 020 | |a 968-436-381-8 | ||
| 037 | |a Acervo ITESO - Biblioteca | ||
| 041 | |a ESP | ||
| 082 | |a 248. 34 |b CHE | ||
| 100 | |a Checa, Rafael |e (autor) | ||
| 245 | 1 | 0 | |a Orar es amar : |b contemplación para todos / |c R. Checa. |
| 250 | |a 2a edición | ||
| 264 | 4 | |a México : |b Centro de Estudios de los Valores Humanos : |b Progreso, |c 1987, c1987 | |
| 300 | |a 181 p. | ||
| 336 | |a texto |b txt |2 rdacontenido | ||
| 337 | |a sin mediación |b n |2 rdamedio | ||
| 338 | |a volumen |b nc |2 rdasoporte | ||
| 520 | |a Manual de oración y contemplación que destaca de modo especial que la oración auténtica ha de ser universal y manifestación de ese amor a todos, sin distinción. La plegaria es una manera de practicar la caridad cristiana y una ocasión de contribuir a mejorar el mundo y sus perspectivas de futuro. | ||
| 561 | |a Ex libris de Biblioteca de Luis G. González M | ||
| 649 | |a XX | ||
| 650 | |a Oración (Religión) - |x Tema Principal | ||
| 650 | |a Contemplación - |x Tema Principal | ||
| 650 | |a Amor (Teología) | ||
| 650 | |a Espiritualidad | ||
| 650 | |a Catolicismo | ||
| 650 | |a Cristianismo | ||
| 650 | |a Religión | ||
| 910 | |a Fondo General | ||
| 920 | |a Impresos - Libros | ||
| 930 | |a Colección General | ||
| 905 | |a 101 | ||
| 901 | |a 0500274675 |b IT1 |c ACC |i D77295 |u 20250521 | ||
| 902 | |a https://opac.biblio.iteso.mx/vufind/Record/000379354 | ||